000 00699nam a2200229 4500
003 LK-CoMWRAF
005 20231113152241.0
008 231014b2003 |||||||| |||| 00| 0 eng d
020 _a0072424354
040 _aLK-CoMWRAF
_dLK-CoMWRAF
_eLK-CoMWRAF
041 _aeng
082 _a909
_bBEN
100 _aBentley, Jerry H.
245 _aTraditions & encounters:
_ba global perspective on the past
250 _a2nd ed.
260 _aBoston:
_bMcGraw-Hill,
_c2003
300 _axlvi, 1169 p. : ill. (some col.), col. maps ; 26 cm.
_bGlossary and index included
650 _aWORLD HISTORY
650 _aIntercultural communication -- History
700 _a Ziegler, Herbert F.
942 _cBK
999 _c3880
_d3880